000 02039cam a22004334i 4500
003 PE-LiUPU
005 20250731173418.0
008 150706s2008 sp a r 000 0 spa d
020 _a9788496551343
040 _aPE-LiUPU
_bspa
_cPE-LiUPU
_erda
049 _aPRUA
082 0 4 _a200
_bC796g
_223
100 1 _aCorduam, Winfried ,
_eautor.
245 1 0 _aGuía a las religiones del mundo :
_bBahaísmo, Budismo, Cristianismo, Confusianismo, Taoísmo, Hinduísmo, Islam, Jainismo, Judaísmo, Testigos de jehová, Mormonismo, Rastafarismo, La iglesia de la cienciología, Sikhismo, Iskcon (Hare Krishna, Religiones tribales, y más /
_cWinfried Corduan.
264 1 _aBarcelona :
_bPublicaciones Andamio,
_c2008.
300 _a166 páginas :
_bilustraciones ;
_c21 centímetros
336 _atext
_2rdacontent
337 _aunmediated
_2rdamedia
338 _avolume
_2rdacarrier
505 0 _aFe de Baha'i o Behaísmo -- Budismo -- Cristianismo -- Confucianismo -- Daoísmo -- Hinduismo -- Islam -- Jainismo -- Judaísmo -- Nuevas religiones -- Aleph -- Ahmadiyya del Islam -- Cao Dai -- Ciencia cristiana -- Falun Gong -- Iskcon (Hare Krishna) -- Testigos de Jehová -- Juce -- Mormonismo -- Nación del Islam -- Rasfafarismo -- La iglesia de la Cienciología -- Soka Gakkai (SGI) -- Tenrikyo -- Iglesia de la unificación -- Islam Wahhabita -- Wicca -- Parsismo (Zoroastrismo) -- Sinto -- Sikhismo -- Religiones tradiciones y tribales.
526 _aSEG42
526 _aSEG41
526 _aSEG40
526 _aSEG39
526 _aP94
526 _aP87
526 _aP86
526 _aP85
526 _aP77
526 _aP76
526 _aP35
650 0 4 _aReligiones.
700 1 _aStunt, Dámaris,
_etr.
910 _agl
942 _2ddc
_cBOOK
949 _a200 C77
_wDEWEY
_c1
_i64882
_lCCODEBUL1
_mBUL
_p18.00
_r0
_sY
_tBOOK
_u2015-7-6
_xTEOLOGIA
_o.STAFF. Colección General
999 _c53588
_d53588
980 _81
_gALBERTO SANCHEZ Responsable de Automatización